[Event "Foment Martinenc op-C 20th"]
[Site "Barcelona"]
[Date "2018.05.19"]
[Round "5"]
[White "Torres Teruel, Joan"]
[Black "Rivas Garcia, Alberto"]
[Result "1-0"]
[WhiteElo "1517"]
[BlackElo "1773"]
[PlyCount "85"]
[EventDate "2018.04.21"]
[EventType "swiss"]
[EventRounds "9"]
[EventCountry "ESP"]
[SourceTitle "CBM 184 Extra"]
[Source "ChessBase"]
[SourceDate "2018.06.28"]
[SourceVersion "1"]
[SourceVersionDate "2018.06.28"]
[SourceQuality "1"]

1. c4 c6 2. d4 d5 3. cxd5 cxd5 4. Bf4 Nf6 5. Nd2 Nc6 6. Nb3 e6 7. a3 Be7 8. Nf3 0-0 9. g3 Ne4 10. Bg2 Bd7 11. 0-0 Bg5 12. Bxg5 Nxg5 13. Nxg5 Qxg5 14. Nc5 Qe7 15. b4 b6 16. Nb3 a5 17. b5 Na7 18. a4 Rac8 19. Rc1 Qb4 20. Ra1 Rc3 21. Nc1 Rfc8 22. Na2 Qb3 23. Nxc3 Rxc3 24. Qxb3 Rxb3 25. Rfc1 Nxb5 26. axb5 Rxb5 27. Rc7 Be8 28. Rc8 Kf8 29. e4 Rb4 30. exd5 Rxd4 31. dxe6 Ke7 32. Bc6 Bxc6 33. Rxc6 Rb4 34. exf7 Kxf7 35. Rd1 Ke7 36. Rc7+ Kf6 37. Rd6+ Kf5 38. Rcc6 b5 39. Rc5+ Kg4 40. h3+ Kxh3 41. Rh5+ Kg4 42. Rdd5 a4 43. Rh4+ 1-0

[Event "Foment Martinenc op-C 19st"]
[Site "Barcelona"]
[Date "2017.06.10"]
[Round "8.14"]
[White "Romero Gamez, Francisco Javier"]
[Black "Rivas Garcia, Alberto"]
[Result "1-0"]
[WhiteElo "1808"]
[BlackElo "1709"]
[PlyCount "51"]
[EventDate "2017.04.22"]
[EventType "swiss"]
[EventRounds "9"]
[EventCountry "ESP"]
[SourceTitle "EXT 2024"]
[Source "ChessBase"]
[SourceDate "2023.10.10"]
[SourceVersion "1"]
[SourceVersionDate "2023.10.10"]
[SourceQuality "1"]

1. e4 e6 2. d4 d5 3. exd5 exd5 4. Bd3 Nf6 5. Ne2 g6 6. 0-0 Bg7 7. c3 0-0 8. f3 Nbd7 9. Bg5 h6 10. Bh4 Nb6 11. Na3 Be6 12. Nc2 Qd7 13. Ne3 Rac8 14. Qd2 Kh7 15. Nf4 Nc4 16. Nxc4 dxc4 17. Nxe6 Qxe6 18. Rae1 Qa6 19. Bb1 b5 20. a3 Rcd8 21. Qf2 Rd5 22. Re7 Qb6 23. Rfe1 a5 24. Qg3 c5 25. Bxf6 Bxf6 26. Qxg6+ 1-0